Vplyv miery kapitalizácie na stanovenie všeobecnej hodnoty podniku

Miera kapitalizácie a určenie spôsobu jej výpočtu. Stanovenie výšky nákladov na cudzí kapitál. Stanovenie výšky nákladov na vlastný kapitál. Ilustratívny príklad.

Salvato in:
Dettagli Bibliografici
Autore principale: Kalusová, Lenka, 1987-
Natura: Capitolo di libro
Lingua:slovacco
Soggetti:
Tags: Aggiungi Tag
Nessun Tag, puoi essere il primo ad aggiungerne!!

MARC

LEADER 00000naa$a2200000$$$4500
001 0194647
005 20240502073247.9
041 0 |a slo 
044 |a SK 
245 1 0 |a Vplyv miery kapitalizácie na stanovenie všeobecnej hodnoty podniku  |c Lenka Kalusová 
520 |a Miera kapitalizácie a určenie spôsobu jej výpočtu. Stanovenie výšky nákladov na cudzí kapitál. Stanovenie výšky nákladov na vlastný kapitál. Ilustratívny príklad. 
610 2 0 |a kapitalizácia 
610 2 0 |a kapitál cudzí 
610 2 0 |a kapitál vlastný 
610 2 0 |a náklady 
610 2 0 |a hodnota podniku 
100 1 |a Kalusová, Lenka, 1987-